00563nam a2200169Ia 4500003000900000008004100009040001600050080002500066110003300091245012100124260005000245300000800295500001900303650003200322650001800354650002100372IN-BaIIA211028s9999 xx 000 0 eng d cIIA Library a083.7:621.93.09bISI aIndian Standards Institution 0aIndian standard test chart for power hacksaw machines (up to 300mm round bar capacity)cIndian Standards Institution aNew DelhibIndian Standards Institutionc1966 a6p. aIS 3405 : 1966 a Hakshaw Machine-Standards a Standards  aNASA Thesaurus